| 000 | 00000nam##2200000za#4500 |
| 001 | 9.605298 |
| 003 | CaOODSP |
| 005 | 20210624212038 |
| 007 | cr ||||||||||| |
| 008 | 150406|2004||||xxc|||||o f|0| 0 fre|d |
| 022 | |a1495-0790 |
| 040 | |aCaOODSP|bfre |
| 043 | |an-cn--- |
| 086 | 1 |aFA1-2/2004-0F-PDF |
| 110 | 1 |aCanada. |bBureau du vérificateur général. |
| 245 | 10|aRapport de la commissaire à l'environnement et au développement durable à la Chambre des communes : |h[ressource électronique]|bpoint de vue de la commissaire - 2004; points saillants des chapitres 1 à 6 |
| 260 | |aOttawa - Ontario : |bBureau du vérificateur général du Canada |
| 300 | |a49p. |
| 490 | 1 |aRapport du commissaire à l'environnement et au développement durable à la Chambre des communes. [Chapitres]|x1495-0790|v2004 |
| 590 | |a13-03-Supp|b2013-02-11 |
| 775 | 08|tReport of the Commissioner of the Environment and Sustainable Development to the House of Commons : |w(CaOODSP)9.575923 |
| 830 | #0|aRapport du commissaire à l'environnement et au développement durable à la Chambre des communes. [Chapitres]|x1495-0790|v2004|w(CaOODSP)9.502646 |
| 856 | 40|ahttp://publications.gc.ca|qPDF|s598 Ko|uhttps://publications.gc.ca/collections/Collection/FA1-2-2004-0F.pdf|y2004 |